000 00920cab a22002055a 4500
001 L142625
008 080226e20080215xxk f 000 0 eng d
035 _a(Sirsi) u142625
041 0 _aeng
100 1 _aSchaps, Karolin
245 0 4 _aThe evolving QS
260 _c2008
490 0 _aBuilding
_v273(8516) 15 February 2008, 30-32(3)
520 _aLooks at how QS firms are adapting to ensure their survival. Many firms that were initially QS practices, have expanded into project and programme management and need to re-evaluate their business strategies. Options for such firms include international expansion, diversification (covering a breadth of sectors), and flotation. Discusses which QS firms have pursued the different strategies, and whether they have been successful.
590 _aKA
651 4 _aUnited Kingdom
_y
690 _aQuantity surveying
_96263
700 1 _aGoodman, Eleanor
942 _n0
999 _c79874
_d79874